| 000 | 00384nam a2200169Ia 4500 | ||
|---|---|---|---|
| 008 | 210210b1960 xxu||||| |||| 00| 0 eng d | ||
| 041 | _aeng | ||
| 082 | _a532/16 | ||
| 100 | _aCOWLING (T G) | ||
| 245 | _aMolecules in motion | ||
| 260 |
_aNew York _bHarper & Brothers _c1960 |
||
| 300 | _a183 | ||
| 650 | _amotion | ||
| 650 | _aMolecules | ||
| 690 | _aPhysics | ||
| 906 | _a008381 | ||
| 999 |
_c127199 _d127199 |
||